Discurso pronunciado en el Congreso por Lorenzo Dominguez... (Record no. 52963)

MARC details
000 -LEADER
campo de control de longitud fija 00583nam a22001575i 4500
001 - NÚMERO DE CONTROL
campo de control 52963
003 - IDENTIFICADOR DE NÚMERO DE CONTROL
campo de control ES-MaACL
007 - CAMPO FIJO DE DESCRIPCIÓN FÍSICA--INFORMACIÓN GENERAL
campo de control de longitud fija t|
008 - DATOS DE LONGITUD FIJA--INFORMACIÓN GENERAL
campo de control de longitud fija 950906s1888 sp ||||1| spa d
040 ## - FUENTE DE CATALOGACIÓN
Centro catalogador/agencia de origen CAM
Lengua de catalogación spa
Centro/agencia transcriptor CAM
100 1# - ENTRADA PRINCIPAL--NOMBRE DE PERSONA
Nombre de persona Domínguez, Lorenzo.
9 (RLIN) 45168
245 10 - MENCIÓN DEL TÍTULO
Título Discurso pronunciado en el Congreso por Lorenzo Dominguez...
Resto del título : y colección de articulos por él mismo publicados en "El Universal" acerca de la crisis olivarera.
260 ## - PUBLICACIÓN, DISTRIBUCIÓN, ETC.
Lugar de publicación, distribución, etc. Sevilla :
Nombre del editor, distribuidor, etc. [s.n.],
Fecha de publicación, distribución, etc. 1888 (
Fabricante Establecimiento tipográfico de "El Universal")
300 ## - DESCRIPCIÓN FÍSICA
Extensión 107 p. ;
Dimensiones 21 cm.
852 ## - LOCALIZACIÓN
Ubicación ES-MaACL
Número de control de estantería T-562-F-3
Holdings
Estatus retirado Estado de pérdida Estado de daño No para préstamo Colección Biblioteca de origen Biblioteca actual Ubicación en estantería Fecha de adquisición Fuente de adquisición Total de préstamos Signatura topográfica completa Código de barras Visto por última vez Precio de reemplazo Tipo de ítem Koha
        Colección de folletos Biblioteca del Ateneo de Madrid Biblioteca del Ateneo de Madrid Depósito folletos 17/01/2008     T-562-F-3 1055657 23/02/2023 23/02/2023 Folleto